Online
Catalog

Artículos gongorinos y otros textos / (Record no. 49740)

MARC details
000 -CABECERA
campo de control de longitud fija 01998nam a22003137i 4500
003 - IDENTIFICADOR DEL NÚMERO DE CONTROL
campo de control DO-SdBNP
005 - FECHA Y HORA DE LA ÚLTIMA TRANSACCIÓN
campo de control 20251124104940.0
007 - CAMPO FIJO DE DESCRIPCIÓN FÍSICA--INFORMACIÓN GENERAL
campo de control de longitud fija ta
008 - DATOS DE LONGITUD FIJA--INFORMACIÓN GENERAL
campo de control de longitud fija 210415e2020 dr ||||erb||| 001 e spa d
040 ## - FUENTE DE LA CATALOGACIÓN
Centro catalogador/agencia de origen DO-SdBNP
Lengua de catalogación spa
Centro/agencia transcriptor BNPHU
041 ## - CÓDIGO DE LENGUA
Código de lengua original spa
082 #4 - NÚMERO DE LA CLASIFICACIÓN DECIMAL DEWEY
Número de clasificación 860.3
Número de documento/Ítem N964a
Número de edición 22
100 1# - ENTRADA PRINCIPAL--NOMBRE DE PERSONA
Nombre de persona Núñez Cáceres, Javier,
Fechas asociadas al nombre 1940-1991
Término indicativo de función/relación autor
9 (RLIN) 78399
245 10 - MENCIÓN DE TÍTULO
Título Artículos gongorinos y otros textos /
Mención de responsabilidad, etc. Javier Núñez Cáceres ; edición a cargo de Herbert E. Craig.
264 ## - PRODUCCIÓN, PUBLICACIÓN, DISTRIBUCIÓN, FABRICACIÓN Y COPYRIGHT
Producción, publicación, distribución, fabricación y copyright Santo Dopmingo, República Dominicana :
Nombre del de productor, editor, distribuidor, fabricante Isla Negra,
Fecha de producción, publicación, distribución, fabricación o copyright 2020.
300 ## - DESCRIPCIÓN FÍSICA
Extensión 128 páginas. ;
Dimensiones 22 cm.
336 ## - TIPO DE CONTENIDO
Término de tipo de contenido rdacontent
Código de tipo de contenido texto
Fuente txt
337 ## - TIPO DE MEDIO
Nombre/término del tipo de medio rdamedia
Código del tipo de medio sin mediación
Fuente n
338 ## - TIPO DE SOPORTE
Nombre/término del tipo de soporte rdacarrier
Código del tipo de soporte volumen
Fuente nc
490 ## - MENCIÓN DE SERIE
Mención de serie Visiones y cegueras.
500 ## - NOTA GENERAL
Nota general Incluye datos biográficos del autor en las solapas
500 ## - NOTA GENERAL
Nota general Incluye referencias bibliográficas y notas al pie de las paginas
505 0# - NOTA DE CONTENIDO CON FORMATO
Nota de contenido con formato Introducción /
Mención de responsabilidad Herbert E. Craig.-
Título In memoriam Javier Núñez Cáceres. /
Mención de responsabilidad Carlos Varo.-
Título Anotaciones a un soneto de don Luis de Góngora.-
-- "España humilde estrado y su horizonte dosel": Fuentes para un soneto de don Luis de Góngora.-
-- La estructura emblemática del soneto dedicado a Cristóbal de Mora.-
-- "Quanto las cumbres ásperas cabrío / de los montes esconde..." /
Mención de responsabilidad (Polifeno, vs. 46-47).-
Título Acerca del título Soledades.-
-- La caída sublime: trayectoria de una cita de Plinio el joven en la polémica culterana.-
-- La torre de Babel en la polémica culterana.-
-- Propósito y originalidad del apologético de Juan de Espinosa Medrano.-
-- Un sermón de Espinosa Medrano.-
-- Los sucesos de Mateo Alemán, ¿Historia o tragedia?.-
-- Anotaciones a un soneto de fray Luis de León.-
-- Libros y otros textos de Javier Núñez Cáceres.
590 ## - NOTA LOCAL (RLIN)
Nota local Inventariado, 2021/MFF
600 14 - PUNTO DE ACCESO ADICIONAL DE MATERIA--NOMBRE DE PERSONA
Nombre de persona Góngora y Argote, Luis de,
Fechas asociadas al nombre ( 1561-1627 )
Subdivisión general Crítica e interpretación
9 (RLIN) 13417
700 1# - PUNTO DE ACCESO ADICIONAL--NOMBRE DE PERSONA
9 (RLIN) 36175
Nombre de persona Craig, Herbert E. ,
Término indicativo de función/relación editor.
910 ## - DATOS DE OPCIÓN DEL USUARIO (OCLC)
Datos de opción del usuario Validado. Control de calidad MFF
942 ## - ELEMENTOS DE PUNTO DE ACCESO ADICIONAL (KOHA)
Fuente del sistema de clasificación o colocación Dewey Decimal Classification
Tipo de ítem Koha Libro
Holdings
Estado de retiro Estado de pérdida Fuente del sistema de clasificación o colocación Restricciones de uso No para préstamo Código de colección Localización permanente Ubicación/localización actual Ubicación en estantería Fecha de adquisición Fuente de adquisición Total de préstamos Signatura topográfica completa Código de barras Fecha visto por última vez Precio válido a partir de Tipo de ítem Koha Número de copia
    Dewey Decimal Classification Préstamo en sala   Dominicana de Servicio Biblioteca Nacional Pedro Henríquez Ureña Biblioteca Nacional Pedro Henríquez Ureña Depósito 26.03.2021 Donado por Editora Búho   BNPHU DS 860.3 N964a 2021-1448 15.04.2021 15.04.2021 Libro e.3
    Dewey Decimal Classification Préstamo en sala   Dominicana de Servicio Biblioteca Nacional Pedro Henríquez Ureña Biblioteca Nacional Pedro Henríquez Ureña Depósito 24.11.2025 Donación   BNPHU DS 860.3 N964a 2025-13393 24.11.2025 24.11.2025 Libro e.4
    Dewey Decimal Classification Excluido de préstamo   Patrimonio Dominicano Biblioteca Nacional Pedro Henríquez Ureña Patrimonio Dominicano Depósito 26.03.2021 Donado por Editora Búho   BNPHU PD 860.3 N964a 2021-1446 15.04.2021 15.04.2021 Libro y Folleto Colección Patrimonio Dominicano  
    Dewey Decimal Classification Excluido de préstamo   Patrimonio Dominicano Biblioteca Nacional Pedro Henríquez Ureña Patrimonio Dominicano Depósito 26.03.2021 Donado por Editora Búho   BNPHU PD 860.3 N964a 2021-1447 15.04.2021 15.04.2021 Libro y Folleto Colección Patrimonio Dominicano e.2

Powered by Koha